[Event "C.to Provinciale MN 2003"]
[Site "Mantova ITA"]
[Date "2002.12.15"]
[Round "5"]
[White "Nicoletti, Francesco"]
[Black "Goldoni, Claudio"]
[Result "0-1"]
[WhiteElo "1782"]
[BlackElo "1948"]
[PlyCount "94"]
[EventDate "2002.12.07"]

1. b3 c5 2. Bb2 Nc6 3. e3 d5 4. Nf3 e6 5. Bb5 Bd7 6. O-O Nf6 7. Qe2 Bd6 8. Bxc6
Bxc6 9. Ne5 Rc8 10. f4 O-O 11. d3 Be8 12. Nd2 b5 13. c4 a6 14. Rf3 Nd7 15. Rh3
f6 16. Qg4 f5 17. Qg3 Nxe5 18. fxe5 Be7 19. Qe1 Bc6 20. Qe2 g6 21. e4 Qd7 22.
cxd5 exd5 23. exf5 Rxf5 24. Nf3 d4 25. Re1 Rcf8 26. e6 Qd6 27. Bc1 Kh8 28. Ne5
Be8 29. Bh6 Rg8 30. g4 Rxe5 31. Qxe5+ Qxe5 32. Rxe5 Bc6 33. g5 a5 34. Kf2 Ra8
35. Rf3 Bxf3 36. Kxf3 Rd8 37. Ke4 c4 38. bxc4 bxc4 39. Rxa5 c3 40. Ra7 Rc8 41.
Rxe7 c2 42. Bg7+ Kg8 43. Bxd4 c1=Q 44. Rg7+ Kf8 45. Bf6 Qc6+ 46. Ke5 Qc5+ 47.
Ke4 Qf5+ 0-1

[Event "C.to Provinciale MN 2003"]
[Site "Mantova ITA"]
[Date "2002.12.15"]
[Round "5"]
[White "Ruggeri, Dario"]
[Black "Peron, Davide"]
[Result "1-0"]
[WhiteElo "1630"]
[BlackElo "1555"]
[PlyCount "51"]
[EventDate "2002.12.07"]

1. e4 c5 2. c3 d5 3. e5 Bf5 4. d4 e6 5. Nf3 h6 6. Bd3 Bxd3 7. Qxd3 c4 8. Qc2
Ne7 9. Nbd2 Ng6 10. Nf1 Be7 11. Ng3 O-O 12. Be3 Nh4 13. O-O-O b5 14. Qd2 Kh7
15. Nh5 Nf5 16. g4 Nxe3 17. fxe3 a5 18. h4 b4 19. g5 bxc3 20. Qxc3 Nd7 21. Rdg1
Rg8 22. Qc2+ g6 23. Nf6+ Nxf6 24. gxf6 Bf8 25. Ng5+ Kh8 26. Nxf7+ 1-0

[Event "C.to Provinciale MN 2003"]
[Site "Mantova ITA"]
[Date "2002.12.15"]
[Round "6"]
[White "Beltrami, Nerio"]
[Black "Bertolini, Roberto"]
[Result "1-0"]
[WhiteElo "1843"]
[BlackElo "1627"]
[PlyCount "27"]
[EventDate "2002.12.07"]

1. e4 c6 2. d4 d5 3. exd5 cxd5 4. c4 Nc6 5. Nc3 dxc4 6. d5 Ne5 7. Bf4 Nd3+ 8.
Bxd3 cxd3 9. Qxd3 a6 10. Nf3 Nf6 11. O-O g6 12. Rfe1 Bf5 13. Qd4 Bd7 14. Bg5
1-0

[Event "C.to Provinciale MN 2003"]
[Site "Mantova ITA"]
[Date "2002.12.15"]
[Round "6"]
[White "Goldoni, Claudio"]
[Black "Fezzardi, Emanuele"]
[Result "1-0"]
[WhiteElo "1948"]
[BlackElo "1729"]
[PlyCount "53"]
[EventDate "2002.12.07"]

1. c4 Nf6 2. d4 e6 3. Nc3 d5 4. e3 dxc4 5. Bxc4 a6 6. a3 b5 7. Ba2 Bb7 8. Nf3
c5 9. O-O Nbd7 10. Qe2 Be7 11. Rd1 Qc7 12. Bd2 Rc8 13. Rac1 Qb8 14. Bb1 O-O 15.
Be1 Qa8 16. Ba2 Rfd8 17. dxc5 Nxc5 18. b4 Bxf3 19. gxf3 Ncd7 20. f4 Nb6 21. e4
Nc4 22. Rxd8+ Bxd8 23. a4 Qb7 24. axb5 axb5 25. Nxb5 Qxb5 26. Bxc4 Qb7 27. Ba6
1-0

[Event "C.to Provinciale MN 2003"]
[Site "Mantova ITA"]
[Date "2002.12.15"]
[Round "6"]
[White "Nicoletti, Francesco"]
[Black "Gualazzi, Paolo"]
[Result "1-0"]
[WhiteElo "1782"]
[BlackElo "1642"]
[PlyCount "81"]
[EventDate "2002.12.07"]

1. b3 Nf6 2. Bb2 g6 3. e4 d6 4. g3 Bg7 5. Bg2 O-O 6. Ne2 Nc6 7. O-O e5 8. c4
Nh5 9. Nbc3 f5 10. f3 f4 11. g4 Nf6 12. Nd5 Rf7 13. d3 Ne8 14. Rc1 h5 15. gxh5
gxh5 16. Kh1 Bh6 17. Rg1 Kh7 18. d4 Ng7 19. dxe5 dxe5 20. Qd2 Ne6 21. Rcd1 Ng5
22. Qe1 Qf8 23. Qh4 Kg6 24. b4 Qe8 25. b5 Na5 26. Bf1 Qe6 27. Nexf4+ Rxf4 28.
Nxf4+ exf4 29. Rd5 Qe7 30. Qxf4 Be6 31. Rdxg5+ Bxg5 32. h4 Bg4 33. hxg5 Rf8 34.
Bf6 Bc8 35. e5 Qe6 36. Bd3+ Kf7 37. Qh4 Qh3+ 38. Qxh3 Bxh3 39. g6+ Kg8 40. g7
Re8 41. Rg5 1-0

[Event "C.to Provinciale MN 2003"]
[Site "Mantova ITA"]
[Date "2002.12.15"]
[Round "6"]
[White "Peron, Davide"]
[Black "Azzoni, Marino"]
[Result "0-1"]
[WhiteElo "1555"]
[BlackElo "1696"]
[PlyCount "58"]
[EventDate "2002.12.07"]

1. e4 e5 2. Nf3 d6 3. d4 exd4 4. Nxd4 Nf6 5. Nc3 Be7 6. Bd3 O-O 7. O-O Re8 8.
f4 Bg4 9. Qe1 Nbd7 10. h3 c5 11. hxg4 cxd4 12. Ne2 Nxg4 13. Qg3 Ngf6 14. Qh3
Nc5 15. f5 Nfxe4 16. Bxe4 Nxe4 17. Nf4 d5 18. Nh5 Nf6 19. Nf4 Bc5 20. Nd3 Be7
21. Bf4 Rc8 22. Rac1 Ne4 23. g4 Ng5 24. Qg3 Bf6 25. Rf2 Ne4 26. Qh2 Nxf2 27.
Nxf2 Re2 28. Kg2 d3 29. Rh1 Rxf2+ 0-1

[Event "C.to Provinciale MN 2003"]
[Site "Mantova ITA"]
[Date "2002.12.15"]
[Round "6"]
[White "Zordan, Giovanni"]
[Black "Greco, Alessandro"]
[Result "0-1"]
[WhiteElo "1507"]
[BlackElo "1600"]
[PlyCount "92"]
[EventDate "2002.12.07"]

1. e4 e5 2. Bb5 Bc5 3. Nf3 Qf6 4. Nc3 Nh6 5. d3 Ng4 6. O-O O-O 7. Nd5 Qd6 8.
Bc4 c6 9. Ne3 Bxe3 10. fxe3 Qh6 11. Qe1 d6 12. h3 Nf6 13. Qg3 d5 14. exd5 e4
15. dxe4 Nxe4 16. Qc7 Nd6 17. dxc6 Nxc6 18. e4 Qg6 19. Ng5 Nxc4 20. Rf2 f6 21.
Nf3 Bxh3 22. b3 N4e5 23. Nh4 Qg3 24. Ba3 Nf3+ 25. Nxf3 Qxc7 26. Bxf8 Bg4 27.
Ba3 Bxf3 28. gxf3 Qg3+ 29. Rg2 Qxf3 30. Rf1 Qe3+ 31. Kh2 Ne5 32. Rg3 Qe2+ 33.
Kg1 h5 34. Rxf6 Ng4 35. Rg2 Qe3+ 36. Rff2 Nxf2 37. Rxf2 g5 38. Be7 Re8 39. Bxg5
Qxg5+ 40. Rg2 Qxg2+ 41. Kxg2 Rxe4 42. Kf3 Rg4 43. a3 Kf7 44. c3 Kf6 45. a4 Kf5
46. b4 Rc4 0-1

[Event "V Weekend B"]
[Site "Porto Sant'Elpidio ITA"]
[Date "2002.11.02"]
[Round "1"]
[White "Baleani, Emanuele"]
[Black "Muzzi, Claudio"]
[Result "1/2-1/2"]
[WhiteElo "1659"]
[BlackElo "1536"]
[PlyCount "84"]
[EventDate "2002.11.02"]

1. e4 c5 2. Nf3 d6 3. d4 cxd4 4. Nxd4 Nf6 5. Nc3 a6 6. Be3 e6 7. f3 Be7 8. Qd2
b5 9. a3 Qc7 10. O-O-O Nbd7 11. g4 h6 12. h4 Rb8 13. Be2 Ne5 14. g5 hxg5 15.
hxg5 Rxh1 16. Rxh1 Nfd7 17. f4 Nc4 18. Bxc4 bxc4 19. g6 Nf8 20. gxf7+ Kxf7 21.
Qh2 Bf6 22. Rf1 Kg8 23. Qg1 Rb7 24. f5 Qb8 25. fxe6 Bxd4 26. Bxd4 Bxe6 27. Ne2
Qe8 28. Nf4 Rf7 29. Re1 Qe7 30. Nh5 Bg4 31. Ng3 Ne6 32. Bc3 Nf4 33. Qd4 Ne6 34.
Qxc4 Ng5 35. Qxa6 Qd8 36. Qc4 Be6 37. Qd4 Nf3 38. Qd1 Nxe1 39. Bxe1 Qg5+ 40.
Kb1 Qc5 41. Bc3 Qc4 42. Kc1 Qa2 1/2-1/2

[Event "V Weekend B"]
[Site "Porto Sant'Elpidio ITA"]
[Date "2002.11.02"]
[Round "1"]
[White "Basso, Fabrizio"]
[Black "Pierantozzi, Stanislao"]
[Result "1-0"]
[WhiteElo "1546"]
[BlackElo "1491"]
[PlyCount "55"]
[EventDate "2002.11.02"]

1. d4 d5 2. c4 c6 3. Nf3 Nf6 4. Nc3 e6 5. Bg5 Be7 6. e3 O-O 7. Bd3 Nbd7 8. O-O
h6 9. Bh4 dxc4 10. Bxc4 b5 11. Bd3 a5 12. Qe2 Qb6 13. Rac1 Ba6 14. Rfd1 Bd6 15.
e4 Bf4 16. Rc2 Bc7 17. e5 Nd5 18. Qe4 g6 19. Qg4 Kh7 20. Nxd5 cxd5 21. Rdc1 Bd8
22. Rc6 Qb8 23. Rxe6 Rg8 24. Rd6 Nb6 25. Bxd8 Nc4 26. Rd7 Rg7 27. Bf6 Bc8 28.
Ng5+ 1-0

[Event "V Weekend B"]
[Site "Porto Sant'Elpidio ITA"]
[Date "2002.11.02"]
[Round "1"]
[White "Cecannecchia, Gianluca"]
[Black "Morici, Marco"]
[Result "1/2-1/2"]
[WhiteElo "1495"]
[BlackElo "1621"]
[PlyCount "90"]
[EventDate "2002.11.02"]

1. e4 e6 2. d4 d5 3. exd5 exd5 4. Nf3 Nf6 5. Be2 Be7 6. O-O O-O 7. h3 Nc6 8.
Bg5 Ne4 9. Bxe7 Qxe7 10. Re1 Qb4 11. b3 Be6 12. a3 Qd6 13. Nbd2 Nc3 14. Qc1 Qf4
15. Nf1 Nxe2+ 16. Rxe2 Nxd4 17. Nxd4 Qxd4 18. Ne3 c5 19. Qd1 Qxd1+ 20. Rxd1 d4
21. Nf1 Rad8 22. Red2 b6 23. f3 h6 24. Ng3 g6 25. Kf2 Rd7 26. b4 Rfd8 27. Ne4
Rc7 28. bxc5 bxc5 29. Rb1 f5 30. Ng3 Bc4 31. Nf1 Ba6 32. Rbd1 Rcd7 33. Ng3 c4
34. c3 d3 35. Rb1 Rb7 36. Rb4 Rxb4 37. axb4 Bb5 38. Nf1 Rd6 39. Ra2 Ra6 40.
Rxa6 Bxa6 41. Nd2 Kf7 42. Ke3 Ke6 43. Kd4 Kd6 44. f4 Bb7 45. h4 Ba6 1/2-1/2

[Event "V Weekend B"]
[Site "Porto Sant'Elpidio ITA"]
[Date "2002.11.02"]
[Round "1"]
[White "Cerusico, Carlo"]
[Black "Fratini, Mauro"]
[Result "0-1"]
[WhiteElo "1404"]
[BlackElo "1594"]
[PlyCount "70"]
[EventDate "2002.11.02"]

1. d4 d5 2. Nf3 Nf6 3. e3 Bf5 4. Bd3 Bg6 5. O-O e6 6. c3 Nbd7 7. Nbd2 Bxd3 8.
Re1 Be4 9. Ng5 Bg6 10. e4 dxe4 11. Ngxe4 c6 12. Ng3 Be7 13. a3 O-O 14. f4 h6
15. b4 b6 16. Bb2 c5 17. Kh1 cxd4 18. cxd4 Nd5 19. Qf3 Bh4 20. Re2 Bxg3 21.
hxg3 Rc8 22. Nf1 N7f6 23. Nh2 Rc2 24. Rxc2 Bxc2 25. Rc1 Bg6 26. g4 Qd7 27. g5
hxg5 28. fxg5 Ne4 29. Ng4 Nxg5 30. Qf1 Qe7 31. b5 Ne4 32. Qe1 Qg5 33. Nh2 Nf4
34. g4 Nd3 35. Qg1 Nxb2 0-1

[Event "V Weekend B"]
[Site "Porto Sant'Elpidio ITA"]
[Date "2002.11.02"]
[Round "1"]
[White "Iaconi, Andrea"]
[Black "Rosati, Simone"]
[Result "1-0"]
[WhiteElo "1623"]
[BlackElo "1500"]
[PlyCount "54"]
[EventDate "2002.11.02"]

1. e4 e5 2. Nf3 Nc6 3. Bc4 Bc5 4. c3 Nf6 5. d4 exd4 6. cxd4 Bb4+ 7. Nc3 d6 8.
O-O h6 9. Qb3 O-O 10. d5 Bxc3 11. dxc6 b5 12. Qxb5 Be5 13. Nxe5 dxe5 14. Bd5
Bf5 15. exf5 Qxd5 16. Qxd5 Nxd5 17. Rd1 Rfd8 18. Be3 Ne7 19. Rd7 Nxc6 20. Rxc7
Nd4 21. f6 g5 22. h4 Nf5 23. hxg5 Nxe3 24. fxe3 hxg5 25. Re7 Re8 26. Rd1 Rxe7
27. fxe7 f6 1-0

[Event "V Weekend B"]
[Site "Porto Sant'Elpidio ITA"]
[Date "2002.11.02"]
[Round "1"]
[White "Marinucci, Johnny"]
[Black "Spano' Cuomo, Gaetano"]
[Result "1/2-1/2"]
[WhiteElo "1534"]
[BlackElo "1650"]
[PlyCount "72"]
[EventDate "2002.11.02"]

1. d4 f5 2. Nf3 Nf6 3. Bf4 e6 4. e3 d5 5. Nbd2 Be7 6. h3 Nbd7 7. Bd3 c6 8. c3
O-O 9. Ne5 Ne4 10. O-O Nxd2 11. Qxd2 Bf6 12. Qe2 c5 13. Nf3 Qe7 14. Bh2 e5 15.
dxe5 Nxe5 16. Nxe5 Bxe5 17. Bxe5 Qxe5 18. Rfe1 Bd7 19. Rad1 Rae8 20. Bb5 Bc6
21. Bxc6 bxc6 22. Qa6 Qc7 23. Qa4 Re4 24. Qb3 Rfe8 25. Rf1 a5 26. Qc2 f4 27.
exf4 Qxf4 28. Qd2 Qxd2 29. Rxd2 Re2 30. Rfd1 Rxd2 31. Rxd2 Re1+ 32. Kh2 Kf7 33.
f3 Ke6 34. Kg3 a4 35. Kf2 Rb1 36. Re2+ Kd6 1/2-1/2

[Event "V Weekend B"]
[Site "Porto Sant'Elpidio ITA"]
[Date "2002.11.02"]
[Round "1"]
[White "Padovani, Alessio"]
[Black "Iori, Massimiliano"]
[Result "0-1"]
[WhiteElo "1635"]
[BlackElo "1572"]
[PlyCount "119"]
[EventDate "2002.11.02"]

1. c4 Nf6 2. g3 e5 3. Bg2 Be7 4. Nc3 O-O 5. d3 d6 6. b4 d5 7. Nxd5 Nxd5 8. Bxd5
Bxb4+ 9. Bd2 Bxd2+ 10. Qxd2 Re8 11. Rb1 Nd7 12. Bg2 c5 13. Rb3 Rb8 14. Nf3 e4
15. dxe4 Rxe4 16. O-O Qe7 17. Re3 Rxe3 18. Qxe3 Qxe3 19. fxe3 Nb6 20. Nd2 Bg4
21. Bf3 Bxf3 22. exf3 Rd8 23. Rf2 Rd3 24. Ne4 Nxc4 25. Nxc5 Rd1+ 26. Rf1 Rxf1+
27. Kxf1 b6 28. Ne4 Nxe3+ 29. Ke2 Nd5 30. Kd2 Kf8 31. a3 Ke7 32. Kd3 f5 33. Nd2
Ke6 34. Kd4 Nc7 35. a4 g5 36. Nb3 Kd6 37. Nd2 Ne6+ 38. Kc4 Kc6 39. Nb3 a6 40.
h3 Kd6 41. Nd2 Nc5 42. Kb4 Nd3+ 43. Kc3 Ne5 44. Kd4 Nc6+ 45. Kc4 Na5+ 46. Kd4
b5 47. axb5 axb5 48. g4 Nc6+ 49. Ke3 Ke5 50. gxf5 Nd4 51. f6 Nf5+ 52. Kd3 Kxf6
53. Ke4 Nh4 54. Nb3 Ng2 55. Nd2 Nf4 56. h4 Ng2 57. hxg5+ Kxg5 58. Kd3 h5 59.
Ke2 Kf4 60. Kf2 0-1

[Event "V Weekend B"]
[Site "Porto Sant'Elpidio ITA"]
[Date "2002.11.02"]
[Round "1"]
[White "Paolini, Fabio"]
[Black "Di Blasio, Walter"]
[Result "1-0"]
[WhiteElo "1687"]
[BlackElo "1537"]
[PlyCount "67"]
[EventDate "2002.11.02"]

1. e4 c6 2. Nc3 d5 3. d4 dxe4 4. Nxe4 Bf5 5. Ng3 Bg6 6. Nf3 Nd7 7. Be3 Ngf6 8.
Bd3 e6 9. c3 Be7 10. h3 Nd5 11. Bxg6 hxg6 12. Qd2 Nxe3 13. Qxe3 Qa5 14. Ne4 Nf6
15. Nxf6+ Bxf6 16. Ne5 Bxe5 17. Qxe5 Qxe5+ 18. dxe5 O-O-O 19. Rd1 Rh5 20. Rxd8+
Kxd8 21. f4 g5 22. g4 Rh8 23. fxg5 Ke7 24. Ke2 Rd8 25. Rd1 Rd5 26. Rxd5 exd5
27. Ke3 c5 28. h4 b5 29. h5 g6 30. h6 Kf8 31. b4 c4 32. Kd4 a5 33. a3 axb4 34.
axb4 1-0

[Event "V Weekend B"]
[Site "Porto Sant'Elpidio ITA"]
[Date "2002.11.02"]
[Round "1"]
[White "Perogio, Lorenzo"]
[Black "Yamauchi, Juan"]
[Result "1/2-1/2"]
[WhiteElo "1518"]
[BlackElo "1416"]
[PlyCount "93"]
[EventDate "2002.11.02"]

1. e4 c5 2. Nf3 e6 3. d4 cxd4 4. Nxd4 a6 5. Nc3 Nc6 6. Be2 Nf6 7. Bg5 Qb6 8.
Bxf6 gxf6 9. Nb3 Bb4 10. Qd2 Ne7 11. a3 Bc5 12. O-O Qc7 13. Nxc5 Qxc5 14. Rad1
Rg8 15. g3 b5 16. Bf3 Nc6 17. Bg2 Ne5 18. Qh6 Ke7 19. Qxh7 Bb7 20. Qh6 Rg5 21.
h3 Ng6 22. h4 Rh8 23. Qxh8 Nxh8 24. hxg5 fxg5 25. Rd2 Ng6 26. Rfd1 Ne5 27. Rd4
Bc6 28. R1d2 g4 29. Rd1 a5 30. Nd5+ exd5 31. exd5 Nf3+ 32. Bxf3 gxf3 33. dxc6
dxc6 34. c3 Qf5 35. Re1+ Kf8 36. Rf4 Qd3 37. Re3 Qb1+ 38. Kh2 Qh7+ 39. Rh4 Qf5
40. Rf4 Qh7+ 41. Rh4 Qf5 42. Ree4 Qc5 43. Kg1 Qd5 44. Rhf4 Qd1+ 45. Kh2 Qc2 46.
Kg1 Qd1+ 47. Kh2 1/2-1/2

[Event "V Weekend B"]
[Site "Porto Sant'Elpidio ITA"]
[Date "2002.11.02"]
[Round "1"]
[White "Piantieri, Guido"]
[Black "Gasparroni, Riccardo"]
[Result "1-0"]
[WhiteElo "1500"]
[BlackElo "1632"]
[PlyCount "89"]
[EventDate "2002.11.02"]

1. e4 c5 2. Nc3 Nc6 3. g3 g6 4. Bg2 Bg7 5. d3 d6 6. f4 e6 7. Nf3 Nge7 8. Be3
Rb8 9. O-O O-O 10. Qd2 b5 11. Rab1 b4 12. Nd1 Qa5 13. Ra1 f5 14. exf5 exf5 15.
d4 Ba6 16. Re1 Nd5 17. Bf2 Nb6 18. dxc5 dxc5 19. Qd6 Nd4 20. Bxd4 Bxd4+ 21.
Nxd4 cxd4 22. Re7 Rbc8 23. Qxd4 Rf7 24. Rxf7 Kxf7 25. Ne3 Qc5 26. Rd1 Be2 27.
Qxc5 Rxc5 28. Rd2 Bb5 29. Bd5+ Nxd5 30. Nxd5 a5 31. Ne3 Ke6 32. Kf2 h5 33. h4
Ba6 34. Nd1 Rd5 35. Rxd5 Kxd5 36. Ke3 Kc4 37. Nf2 a4 38. Nd3 b3 39. cxb3+ axb3
40. axb3+ Kxb3 41. Ne5 Kxb2 42. Nxg6 Kc3 43. Ne7 Bd3 44. Nd5+ Kc4 45. Nf6 1-0

[Event "V Weekend B"]
[Site "Porto Sant'Elpidio ITA"]
[Date "2002.11.02"]
[Round "1"]
[White "Ragnini, Damiano"]
[Black "Gasparroni, Daniele"]
[Result "1/2-1/2"]
[WhiteElo "1537"]
[BlackElo "1675"]
[PlyCount "75"]
[EventDate "2002.11.02"]

1. e4 c5 2. Nf3 e6 3. d4 cxd4 4. Nxd4 Nc6 5. c3 Nxd4 6. cxd4 Nf6 7. Bd3 Be7 8.
Nc3 d6 9. O-O O-O 10. Be3 a6 11. a4 Bd7 12. f4 Bc6 13. Rc1 Qb6 14. Qe2 Qb3 15.
Bc4 Qb4 16. b3 d5 17. exd5 exd5 18. Bd3 Qxb3 19. Bc2 Qb4 20. Bd2 Qxd4+ 21. Be3
Qb4 22. Bd2 Bc5+ 23. Kh1 Qb6 24. Qd3 d4 25. a5 Qc7 26. Na4 Bb5 27. Qh3 Bxa4 28.
Bxa4 Qd6 29. f5 Rfd8 30. Bf4 Qf8 31. g4 Bd6 32. g5 Bxf4 33. Rxf4 Qb4 34. gxf6
Qxa4 35. Qg4 g6 36. fxg6 hxg6 37. Qg5 Qa3 38. Rg1 1/2-1/2

[Event "V Weekend B"]
[Site "Porto Sant'Elpidio ITA"]
[Date "2002.11.03"]
[Round "2"]
[White "Basso, Fabrizio"]
[Black "Iaconi, Andrea"]
[Result "1/2-1/2"]
[WhiteElo "1546"]
[BlackElo "1623"]
[PlyCount "65"]
[EventDate "2002.11.02"]

1. d4 Nf6 2. c4 g6 3. Nc3 d5 4. Nf3 Bg7 5. Qb3 c6 6. cxd5 cxd5 7. Bg5 e6 8. e3
O-O 9. Bd3 a6 10. Rc1 Nbd7 11. O-O Qb6 12. Na4 Qxb3 13. axb3 Re8 14. Rc7 e5 15.
Nxe5 Nxe5 16. dxe5 Ne4 17. Bxe4 dxe4 18. Nb6 Rb8 19. Bf6 Be6 20. Rfc1 h6 21.
Nd7 Bxd7 22. Rxd7 Rbc8 23. Rdc7 Rxc7 24. Rxc7 b5 25. Rc6 Re6 26. Rxe6 fxe6 27.
Bxg7 Kxg7 28. f4 exf3 29. gxf3 g5 30. Kf2 Kg6 31. e4 h5 32. Kg3 a5 33. h3
1/2-1/2

[Event "V Weekend B"]
[Site "Porto Sant'Elpidio ITA"]
[Date "2002.11.03"]
[Round "2"]
[White "Fratini, Mauro"]
[Black "Paolini, Fabio"]
[Result "1-0"]
[WhiteElo "1594"]
[BlackElo "1687"]
[PlyCount "91"]
[EventDate "2002.11.02"]

1. d4 f5 2. Nf3 Nf6 3. Bf4 g6 4. h3 Bg7 5. e3 d6 6. Nbd2 Bd7 7. c3 Nc6 8. Bd3
O-O 9. O-O Qe8 10. Bh2 e5 11. dxe5 dxe5 12. e4 f4 13. Rb1 Rd8 14. Be2 Be6 15.
Qc2 Bxa2 16. Ra1 Be6 17. Bc4 Bxc4 18. Nxc4 b6 19. b4 Qe6 20. Ncd2 h6 21. Rfe1
g5 22. Qb3 Qxb3 23. Nxb3 g4 24. hxg4 Nxg4 25. b5 Ne7 26. Rxa7 Rd7 27. c4 Nc8
28. Raa1 Nd6 29. Nbd2 Nf7 30. Nb3 Rd3 31. Rab1 Rfd8 32. c5 Bf8 33. cxb6 cxb6
34. Nh4 Kh7 35. Rec1 Ba3 36. Re1 Ng5 37. f3 Ne3 38. Kh1 Nc2 39. Rf1 Ne6 40. Bg1
Ned4 41. Nxd4 Nxd4 42. Rfd1 Rxd1 43. Rxd1 Bc5 44. Nf5 Kg6 45. Bf2 Kf6 46. Bh4+
1-0

[Event "V Weekend B"]
[Site "Porto Sant'Elpidio ITA"]
[Date "2002.11.03"]
[Round "2"]
[White "Gasparroni, Daniele"]
[Black "Piantieri, Guido"]
[Result "1-0"]
[WhiteElo "1675"]
[BlackElo "1500"]
[PlyCount "79"]
[EventDate "2002.11.02"]

1. d4 d5 2. c4 Nf6 3. Nc3 e6 4. Nf3 Be7 5. e3 O-O 6. Bd3 c5 7. O-O dxc4 8. Bxc4
Nd5 9. Bxd5 exd5 10. dxc5 Bxc5 11. Qxd5 Qxd5 12. Nxd5 Bd6 13. Rd1 Rd8 14. h3
Be6 15. e4 Nc6 16. Ng5 Nb4 17. Nxe6 fxe6 18. Nc3 Be5 19. Bg5 Rxd1+ 20. Rxd1
Bxc3 21. bxc3 Nxa2 22. Rd3 b5 23. Bd2 Rc8 24. Rd7 Nxc3 25. Bxc3 Rxc3 26. Rxa7
Rc1+ 27. Kh2 b4 28. Rb7 Rb1 29. f3 b3 30. Kg3 b2 31. Kf4 Kf8 32. Ke5 Ke8 33.
Kxe6 Kd8 34. e5 Kc8 35. Rb3 h5 36. Kf7 Kd7 37. e6+ Kd6 38. e7 Re1 39. e8=Q b1=Q
40. Rxb1 1-0

[Event "V Weekend B"]
[Site "Porto Sant'Elpidio ITA"]
[Date "2002.11.03"]
[Round "2"]
[White "Gasparroni, Riccardo"]
[Black "Cecannecchia, Gianluca"]
[Result "0-1"]
[WhiteElo "1632"]
[BlackElo "1495"]
[PlyCount "88"]
[EventDate "2002.11.02"]

1. e4 e5 2. Nf3 Nc6 3. Bb5 a6 4. Ba4 b5 5. Bb3 Bc5 6. O-O h6 7. c3 d6 8. d4 Bb6
9. dxe5 Nxe5 10. Nxe5 dxe5 11. Qxd8+ Kxd8 12. Bxf7 Nf6 13. Nd2 Bb7 14. Rd1 Ke7
15. Bg6 Rad8 16. b3 Bxe4 17. Bxe4 Nxe4 18. Ba3+ Nd6 19. Ne4 Rhf8 20. Rd2 Ke6
21. Nc5+ Bxc5 22. Bxc5 Ne4 23. Bxf8 Rxd2 24. f3 Nxc3 25. Bxg7 h5 26. Re1 Rd1
27. Rxd1 Nxd1 28. Kf1 Nc3 29. f4 Nxa2 30. Bxe5 c5 31. Bb2 c4 32. bxc4 bxc4 33.
Ke2 c3 34. Bxc3 Nxc3+ 35. Kd3 Nb5 36. g3 Kf5 37. Kc4 Nc7 38. Kd3 Kf6 39. h3 Nb5
40. Kc4 Kf5 41. Kc5 Kf6 42. Kc4 Nd6+ 43. Kb4 Ne4 44. g4 h4 0-1

[Event "V Weekend B"]
[Site "Porto Sant'Elpidio ITA"]
[Date "2002.11.03"]
[Round "2"]
[White "Iori, Massimiliano"]
[Black "Silvestri, Giorgio"]
[Result "1-0"]
[WhiteElo "1572"]
[BlackElo "1648"]
[PlyCount "85"]
[EventDate "2002.11.02"]

1. d4 Nf6 2. c4 g6 3. Nc3 Bg7 4. Nf3 d6 5. e3 c6 6. Bd3 Qc7 7. O-O O-O 8. h3 e5
9. dxe5 dxe5 10. Qc2 Na6 11. a3 Nc5 12. Be2 Bf5 13. Qd1 Rad8 14. Bd2 Nce4 15.
Qe1 Nxd2 16. Nxd2 Rd7 17. Nf3 Ne4 18. Nxe4 Bxe4 19. Rd1 Rfd8 20. Rxd7 Rxd7 21.
Qb4 Bxf3 22. Bxf3 b6 23. Qa4 c5 24. Bd5 Kh8 25. b4 cxb4 26. axb4 Bf8 27. Ra1
Qd6 28. Rc1 Qe7 29. c5 bxc5 30. bxc5 Rc7 31. c6 f5 32. Rb1 Qd8 33. Ba2 Bd6 34.
Rd1 Qe7 35. Qc4 Kg7 36. g4 fxg4 37. hxg4 g5 38. Kg2 Qf8 39. Qe6 Re7 40. Qxd6 e4
41. Qg3 Qc8 42. Rd7 Rxd7 43. Qe5+ 1-0

[Event "V Weekend B"]
[Site "Porto Sant'Elpidio ITA"]
[Date "2002.11.03"]
[Round "2"]
[White "Morici, Marco"]
[Black "Marinucci, Johnny"]
[Result "1-0"]
[WhiteElo "1621"]
[BlackElo "1534"]
[PlyCount "108"]
[EventDate "2002.11.02"]

1. c4 e5 2. Nc3 Nc6 3. Nf3 g6 4. g3 Bg7 5. Bg2 Nf6 6. d3 d6 7. O-O O-O 8. Rb1
a5 9. a3 h6 10. b4 axb4 11. axb4 Be6 12. b5 Ne7 13. Bd2 Qd7 14. Qc1 Kh7 15. Re1
Bh3 16. Bh1 Nh5 17. Ra1 f5 18. e3 g5 19. Ra3 f4 20. exf4 gxf4 21. Qa1 Rxa3 22.
Qxa3 fxg3 23. hxg3 Nf5 24. Ne4 Nd4 25. Nxd4 exd4 26. Qc1 c6 27. bxc6 bxc6 28.
Bb4 c5 29. Bd2 Qf5 30. Bg2 Bxg2 31. Kxg2 Qf3+ 32. Kg1 Be5 33. Qd1 Qf7 34. Kg2
Qg6 35. Rh1 Nf4+ 36. Bxf4 Bxf4 37. Rh4 Bg5 38. Rg4 Qf5 39. Qe2 Be7 40. Rf4 Qc8
41. Qf3 Rxf4 42. Qxf4 Qe6 43. Nd2 Bg5 44. Qe4+ Qxe4+ 45. Nxe4 Be7 46. Kf3 Kg6
47. Kg4 h5+ 48. Kf4 Bf8 49. Kf3 Kf5 50. Nd2 d5 51. cxd5 Ke5 52. Ne4 Be7 53. d6
Bd8 54. Nxc5 Kd5 1-0

[Event "V Weekend B"]
[Site "Porto Sant'Elpidio ITA"]
[Date "2002.11.03"]
[Round "2"]
[White "Muzzi, Claudio"]
[Black "Perogio, Lorenzo"]
[Result "0-1"]
[WhiteElo "1536"]
[BlackElo "1518"]
[PlyCount "33"]
[EventDate "2002.11.02"]

1. e4 e5 2. Nf3 Nc6 3. Bc4 Nf6 4. Ng5 d5 5. exd5 Na5 6. Bb5+ c6 7. dxc6 bxc6 8.
Be2 h6 9. Nf3 e4 10. Ne5 Bd6 11. d4 O-O 12. O-O Qc7 13. Bd2 Be6 14. Bxa5 Qxa5
15. Nc4 Bxc4 16. Bxc4 Qg5 17. Qe2 0-1

[Event "V Weekend B"]
[Site "Porto Sant'Elpidio ITA"]
[Date "2002.11.03"]
[Round "2"]
[White "Pierantozzi, Stanislao"]
[Black "Padovani, Alessio"]
[Result "0-1"]
[WhiteElo "1491"]
[BlackElo "1635"]
[PlyCount "89"]
[EventDate "2002.11.02"]

1. d4 f5 2. c4 e6 3. Nc3 Nf6 4. Nf3 Be7 5. e3 O-O 6. Bd3 d6 7. b3 Bd7 8. O-O
Be8 9. Bb2 Bh5 10. Be2 c6 11. Qc2 d5 12. Rad1 Bxf3 13. Bxf3 Ne4 14. Ne2 Bd6 15.
c5 Bc7 16. g3 Nd7 17. Nf4 Rf6 18. h4 Bxf4 19. exf4 Rg6 20. h5 Rh6 21. Kg2 g5
22. fxg5 Nxg5 23. Bc1 Qf6 24. Qd2 Nf7 25. Qc3 Rb8 26. Bxh6 Qxh6 27. Qd2 Qf6 28.
Rh1 h6 29. Qf4 Kh7 30. Qc7 Qe7 31. Rhe1 Ng5 32. Rd3 Qf7 33. Rde3 a6 34. Bd1 Qg7
35. Qf4 Rf8 36. Bc2 Qf7 37. g4 Kh8 38. f3 Nf6 39. Qe5 Kg8 40. Rg1 fxg4 41. Bg6
Qe7 42. f4 Nf3 43. Qxe6+ Qxe6 44. Rxe6 Nxg1 45. Kxg1 0-1

[Event "V Weekend B"]
[Site "Porto Sant'Elpidio ITA"]
[Date "2002.11.03"]
[Round "2"]
[White "Rosati, Simone"]
[Black "Di Blasio, Walter"]
[Result "1-0"]
[WhiteElo "1500"]
[BlackElo "1537"]
[PlyCount "80"]
[EventDate "2002.11.02"]

1. e4 e5 2. Nf3 Nf6 3. d3 Nc6 4. Bg5 h6 5. Bh4 g5 6. Bg3 d6 7. Nc3 Bg4 8. Be2
Bg7 9. Nd2 Qd7 10. h3 Bxe2 11. Nxe2 Nh5 12. Nb3 Nf4 13. Bxf4 exf4 14. Nc3 O-O-O
15. Qd2 Rde8 16. O-O-O Qe6 17. d4 Qf6 18. Nd5 Qg6 19. f3 Qe6 20. Na5 Qd7 21.
Nxc6 Qxc6 22. Qa5 a6 23. Nb4 Qb5 24. Qxb5 axb5 25. c3 Kd7 26. Kc2 Ra8 27. a3 c6
28. Rhe1 Kc7 29. Rh1 Rh7 30. h4 f6 31. Kb3 Rah8 32. Ra1 h5 33. a4 bxa4+ 34.
Rxa4 g4 35. Rha1 Kd7 36. Ra7 Ke8 37. Nd3 Kf7 38. Nxf4 f5 39. exf5 gxf3 40. gxf3
Rb8 1-0

[Event "V Weekend B"]
[Site "Porto Sant'Elpidio ITA"]
[Date "2002.11.03"]
[Round "2"]
[White "Spano' Cuomo, Gaetano"]
[Black "Ragnini, Damiano"]
[Result "1-0"]
[WhiteElo "1650"]
[BlackElo "1537"]
[PlyCount "93"]
[EventDate "2002.11.02"]

1. d4 Nf6 2. c4 e6 3. Nf3 d6 4. Nc3 Be7 5. e4 O-O 6. Bd3 c6 7. O-O Nbd7 8. Qc2
Qc7 9. Bg5 h6 10. Bh4 e5 11. dxe5 Nxe5 12. Nxe5 dxe5 13. Bxf6 Bxf6 14. c5 Qe7
15. b4 Bg5 16. Ne2 h5 17. f4 Bh6 18. f5 Qg5 19. Bc4 Kh7 20. Rad1 h4 21. Rf3 b6
22. b5 Bb7 23. Rd7 cxb5 24. Bxf7 Bc8 25. Rc7 Ba6 26. Be6 b4 27. Kf2 Rad8 28.
Bd5 Bxe2 29. Qxe2 bxc5 30. Rxa7 Qd2 31. Qxd2 Bxd2 32. Rh3 Rxd5 33. Rxh4+ Bh6
34. exd5 Rxf5+ 35. Ke2 Rg5 36. g3 Kg6 37. Rc4 e4 38. Rxc5 Rf5 39. Rb7 Rf3 40.
Rxb4 Re3+ 41. Kf2 Rd3 42. Rxe4 Kf5 43. Re2 Kg4 44. a4 Rf3+ 45. Kg2 Ra3 46. d6
Rxa4 47. h3# 1-0